Capitals corresponding to countries (a-z) - Statistics

General Stats
  • This quiz has been taken 464 times
    179 since last reset
  • The average score is 135 of 196
Answer Stats
Hint Answer % Correct
A Countries Argentina Buenos Aires
96%
A Countries Austria Vienna
96%
B Countries Belgium Brussels
95%
A Countries Afghanistan Kabul
95%
A Countries Australia Canberra
94%
B Countries Brazil Brasília
92%
P Countries Portugal Lisbon
92%
I Countries Italy Rome
92%
A Countries Andorra Andorra la Vella
91%
C Countries China Beijing
91%
E Countries Egypt Cairo
91%
I Countries Ireland Dublin
91%
B Countries Belarus Minsk
91%
R Countries Russia Moscow
91%
C Countries Canada Ottawa
91%
G Countries Greece Athens
90%
G Countries Germany Berlin
90%
M Countries Monaco Monaco
90%
P Countries Poland Warsaw
90%
N Countries Netherlands Amsterdam
89%
U Countries Ukraine Kyiv
89%
P Countries Peru Lima
89%
U Countries United Kingdom London
89%
S Countries Spain Madrid
89%
M Countries Mexico Mexico City
89%
I Countries India New Delhi
89%
N Countries Norway Oslo
89%
F Countries France Paris
89%
J Countries Japan Tokyo
89%
V Countries Vatican City Vatican City
89%
A Countries Algeria Algiers
88%
H Countries Hungary Budapest
88%
D Countries Denmark Copenhagen
88%
L Countries Luxembourg Luxembourg
88%
P Countries Panama Panama City
88%
S Countries Sweden Stockholm
88%
U Countries United States Washington D.C.
88%
I Countries Indonesia Jakarta
87%
I Countries Israel Jerusalem
87%
I Countries Iceland Reykjavik
87%
C Countries Chile Santiago
87%
B Countries Bulgaria Sofia
87%
A Countries Albania Tirana
87%
S Countries Switzerland Bern
86%
P Countries Philippines Manila
86%
S Countries San Marino San Marino
86%
C Countries Croatia Zagreb
86%
I Countries Iraq Baghdad
85%
F Countries Finland Helsinki
85%
C Countries Czech Republic Prague
85%
B Countries Bosnia and Herzegovina Sarajevo
85%
S Countries South Korea Seoul
85%
I Countries Iran Tehran
85%
C Countries Cuba Havana
84%
S Countries South Africa Pretoria / Cape Town / Bloemfontein
84%
S Countries Singapore Singapore
84%
N Countries New Zealand Wellington
84%
T Countries Turkey Ankara
83%
V Countries Vietnam Hanoi
83%
C Countries Colombia Bogotá
82%
R Countries Romania Bucharest
82%
P Countries Pakistan Islamabad
82%
K Countries Kuwait Kuwait City
82%
T Countries Thailand Bangkok
81%
V Countries Venezuela Caracas
81%
U Countries United Arab Emirates Abu Dhabi
80%
S Countries Syria Damascus
80%
K Countries Kenya Nairobi
80%
T Countries Tunisia Tunis
80%
L Countries Lebanon Beirut
79%
E Countries Ecuador Quito
79%
L Countries Latvia Riga
79%
T Countries Taiwan Taipei
79%
G Countries Guatemala Guatemala City
78%
B Countries Bolivia La Paz / Sucre
78%
N Countries North Korea Pyongyang
78%
E Countries Estonia Tallinn
78%
U Countries Uruguay Montevideo
77%
C Countries Cyprus Nicosia
77%
S Countries Saudi Arabia Riyadh
77%
M Countries Malta Valletta
77%
S Countries Serbia Belgrade
76%
B Countries Bangladesh Dhaka
76%
D Countries Djibouti Djibouti
76%
J Countries Jamaica Kingston
76%
H Countries Haiti Port-au-Prince
76%
M Countries Mongolia Ulaanbaatar
76%
A Countries Azerbaijan Baku
75%
S Countries Slovakia Bratislava
75%
Q Countries Qatar Doha
75%
M Countries Malaysia Kuala Lumpur
75%
B Countries Bahamas Nassau
75%
E Countries El Salvador San Salvador
75%
L Countries Liechtenstein Vaduz
75%
J Countries Jordan Amman
74%
N Countries Nepal Kathmandu
74%
A Countries Armenia Yerevan
74%
P Countries Paraguay Asunción
72%
M Countries Moldova Chișinău
72%
O Countries Oman Muscat
72%
L Countries Lithuania Vilnius
72%
E Countries Ethiopia Addis Ababa
71%
M Countries Morocco Rabat
71%
N Countries North Macedonia Skopje
71%
L Countries Libya Tripoli
71%
S Countries Slovenia Ljubljana
70%
A Countries Angola Luanda
70%
B Countries Bahrain Manama
69%
K Countries Kazakhstan Nur-Sultan
69%
C Countries Cambodia Phnom Penh
69%
K Countries Kosovo Pristina
69%
G Countries Guinea-Bissau Bissau
67%
S Countries Senegal Dakar
67%
M Countries Maldives Malé
67%
Y Countries Yemen Sana'a
67%
C Countries Costa Rica San José
67%
D Countries Dominican Republic Santo Domingo
67%
G Countries Georgia Tbilisi
67%
G Countries Guyana Georgetown
66%
M Countries Montenegro Podgorica
66%
E Countries East Timor Dili
65%
S Countries São Tomé and Príncipe São Tomé
65%
N Countries Nigeria Abuja
64%
G Countries Ghana Accra
64%
B Countries Belize Belmopan
64%
C Countries Congo (Dem. Rep.) Kinshasa
64%
B Countries Bhutan Thimphu
64%
L Countries Laos Vientiane
64%
S Countries Somalia Mogadishu
63%
M Countries Madagascar Antananarivo
62%
P Countries Papua New Guinea Port Moresby
62%
C Countries Congo (Rep. of.) Brazzaville
61%
U Countries Uzbekistan Tashkent
60%
S Countries Sudan Khartoum
59%
H Countries Honduras Tegucigalpa
59%
B Countries Brunei Bandar Seri Begawan
58%
K Countries Kyrgyzstan Bishkek
58%
N Countries Nicaragua Managua
58%
S Countries Suriname Paramaribo
58%
S Countries Sri Lanka Sri Jayawardenapura Kotte
58%
F Countries Fiji Suva
58%
Z Countries Zimbabwe Harare
57%
S Countries South Sudan Juba
56%
U Countries Uganda Kampala
56%
C Countries Chad N'Djamena
56%
S Countries Seychelles Victoria
56%
N Countries Namibia Windhoek
55%
B Countries Barbados Bridgetown
54%
T Countries Tajikistan Dushanbe
54%
T Countries Trinidad and tobago Port-of-Spain
54%
C Countries Cape Verde Praia
54%
L Countries Liberia Monrovia
53%
M Countries Myanmar Naypyidaw
53%
T Countries Turkmenistan Ashgabat
52%
N Countries Niger Niamey
52%
B Countries Burkina Faso Ouagadougou
52%
B Countries Botswana Gaborone
51%
C Countries Cameroon Yaoundé
51%
D Countries Dominica Roseau
50%
A Countries Antigua and Barbuda Saint John's
50%
E Countries Eritrea Asmara
49%
S Countries Sierra Leone Freetown
49%
T Countries Tanzania Dodoma
48%
B Countries Benin Porto-Novo / Cotonou
48%
M Countries Mali Bamako
47%
R Countries Rwanda Kigali
46%
G Countries Guinea Conakry
45%
C Countries Central African Republic Bangui
44%
Z Countries Zambia Lusaka
44%
M Countries Mozambique Maputo
44%
B Countries Burundi Gitega
43%
T Countries Togo Lomé
43%
I Countries Ivory Coast Yamoussoukro
43%
S Countries Samoa Apia
42%
G Countries Gabon Libreville
42%
M Countries Malawi Lilongwe
42%
M Countries Mauritius Port Louis
42%
L Countries Lesotho Maseru
39%
M Countries Mauritania Nouakchott
39%
G Countries Grenada Saint George's
39%
S Countries Saint Lucia Castries
38%
C Countries Comoros Moroni
38%
G Countries Gambia Banjul
37%
E Countries Eswatini Mbabane
37%
K Countries Kiribati South Tarawa
37%
T Countries Tuvalu Funafuti
36%
S Countries Saint Vincent & the Grenadines Kingstown
36%
M Countries Marshall Islands Majuro
36%
M Countries Micronesia (Fed. States) Palikir
36%
N Countries Nauru Yaren
36%
P Countries Palau Ngerulmud
35%
S Countries Saint Kitts & Nevis Basseterre
34%
V Countries Vanuatu Port Vila
34%
S Countries Solomon Islands Honiara
33%
E Countries Equatorial Guinea Malabo
33%
T Countries Tonga Nuku'alofa
30%
No matching quizzes found
Score Distribution
Percent of People with Each Score
Percentile by Number Answered
Your Score History
You have not taken this quiz since the last reset